Normal view
MARC view
Entry Nombre personal
001 - NÚMERO DE CONTROL
- campo de control: 908
003 - IDENTIFICADOR DE NÚMERO DE CONTROL
- campo de control: DLC
005 - FECHA Y HORA DE LA ÚLTIMA TRANSACCIÓN
- campo de control: 20260318104240.0
008 - ELEMENTOS DE DATO DE LONGITUD-FIJA
- campo de control de longitud fija: 910308n| acannaabn |a aaa
010 ## - NÚMERO DE CONTROL DE LA BIBLIOTECA DEL CONGRESO
- Número de control de LC: n 91024171
035 ## - NÚMERO DE CONTROL DEL SISTEMA
- Número de control de sistema: (OCoLC)oca02908981
040 ## - FUENTE DE CATALOGACIÓN
- Centro catalogador/agencia de origen: DLC
- Lengua de catalogación: eng
- Centro/agencia transcriptor: DLC
- Centro/agencia modificador: OCoLC
100 1# - ENCABEZAMIENTO-NOMBRE DE PERSONA
- Nombre de persona: Morales Solá, Joaquín,
- Fechas asociadas al nombre: 1949-
400 1# - TRAZADO DE VÉASE--NOMBRE DE PERSONA
- Nombre de persona: Solá, Joaquín Morales,
- Fechas asociadas al nombre: 1949-
670 ## - FUENTE DE DATOS ENCONTRADOS
- Cita de la fuente: His Asalto a la ilusión, 1990:
- Información encontrada: t.p. (Joaquín Morales Solá) front flap (b. Tucumán, 1949)
670 ## - FUENTE DE DATOS ENCONTRADOS
- Cita de la fuente: Silencios paralelos, 1970 :
- Información encontrada: t.p. (Joaquín M. Morales Solá) p. 16 (Joaquín Morales Solá; from Tucumań [Argentina]; 21 yrs. old; journalist, radio comentator; poet)